Iuridica 3/1988. Diagonální smlouvy v procesu socialistické ekonomické integrace
Gespeichert in:
| Weitere Verfasser: | |
|---|---|
| Format: | Buch |
| Sprache: | Tschechisch |
| Veröffentlicht: |
Praha
Univ. Karlova
1988
|
| Ausgabe: | 1. vyd. |
| Schriftenreihe: | Acta Universitatis Carolinae
|
| Tags: |
Keine Tags, Fügen Sie das erste Tag hinzu!
|
MARC
| LEADER | 00000nam a2200000 4500 | ||
|---|---|---|---|
| 001 | c027183 | ||
| 005 | 20221219085220.6 | ||
| 041 | 0 | |a cze | |
| 044 | |a CZ | ||
| 245 | 1 | 0 | |a Iuridica 3/1988. Diagonální smlouvy v procesu socialistické ekonomické integrace |c Květoslav Růžička |
| 250 | |a 1. vyd. | ||
| 264 | 1 | |a Praha |b Univ. Karlova |c 1988 | |
| 300 | |a 92 s. | ||
| 490 | 1 | |a Acta Universitatis Carolinae | |
| 830 | 0 | |a Acta Universitatis Carolinae | |
| 700 | 1 | |a Růžička, Květoslav | |